| 000 | 00621nam a2200205 a 4500 | ||
|---|---|---|---|
| 005 | 20230524064134.0 | ||
| 008 | 010716s2000 mx r 000 0 spa d | ||
| 020 | _a9701839218 (CNCA, tapa dura) | ||
| 020 | _a970651337X (Oceano, tapa dura) | ||
| 035 | _aUPN01000109737 | ||
| 049 | _aCG | ||
| 050 | 4 |
_aPA25 B5.2 _bA7.6 |
|
| 100 | 0 |
_aAristóteles, _d384-322 a.C. |
|
| 245 | 1 | 0 |
_aObras filosóficas / _cAristoteles ; estudio prel. Francisco Romero. |
| 260 |
_aMéxico : _bCNCA : _bOcéano, _cc2000 |
||
| 300 | _axxxiv, 379 p. | ||
| 440 | 0 | _aBiblioteca universal. | |
| 650 | 4 |
_aFilosofía antigua _96916 |
|
| 905 | _aLibro | ||
| 999 |
_c83647 _d83647 |
||